000 00800nam a22002531 4500
001 688
003 BD-RjUL
005 20211208233222.0
008 700330s1967 at 000 0 eng
035 _a(BD-RjUL)708
040 _aDLC
_cDLC
_dDLC
_dBD-RjUL
_beng
041 _aeng
082 0 0 _a025.52
_219
_bGRC 1968
100 1 _aGrogan, Denis Joseph
_92063
245 1 0 _aCase studies in reference work /
_cDenis Grogan.
260 _aLondon :
_bClive Bingley ,
_cc1967 [reprinted 1968].
300 _a166 p. ;
_c22 cm.
504 _aIncludes indexs.
650 0 _aReference services (Libraries)
_xCase studies.
_92064
856 _uhttp://www.worldcat.org/title/case-studies-in-reference-work/oclc/430092&referer=brief_results
942 _2ddc
_cBK
999 _c688
_d688